Poetry - Statistics

General Stats
  • This quiz has been taken 121 times
  • The average score is 6 of 18
Answer Stats
Hint Answer % Correct
I wandered lonely as a cloud William Wordsworth
75%
Rough winds do shake the darling buds of May William Shakespeare
73%
But I have promises to keep and miles to go before I sleep Robert Frost
70%
Do not go gentle into that good night Dylan Thomas
64%
Look on my Works, ye Mighty and despair! Percy Bysshe Shelley
56%
Thou wast not born for death, immortal Bird John Keats
54%
In the room the women come and go, talking of Michelangelo T.S. Eliot
41%
Cast a cold eye on life, on death. Horseman, pass by! W. B. Yeats
39%
Hateful is the dark-blue sky, vaulted o'er the dark-blue sea Alfred Tennyson
36%
Of man's first disobedience, and the fruit of that forbidden tree John Milton
36%
He was my North, my South, my East and West W.H. Auden
33%
I caught this morning morning's minion Gerard Manley Hopkins
15%
The man had killed the thing he loved and so he had to die Oscar Wilde
15%
It was not death, for I stood up, and all the dead, lie down Emily Dickenson
12%
If I were fierce, and bald, and short of breath, I'd live with scarlet Majors at the Base Siegfried Sassoon
11%
I stood on the bridge at night, as the clocks were striking the hour Henry Wadsworth Longfellow
10%
Far from the madding crowd's ignoble strife Thomas Gray
10%
A youth of labour with an age of ease Oliver Goldsmith
1%
No matching quizzes found
Score Distribution
Percent of People with Each Score
Percentile by Number Answered
Your Score History
You have not taken this quiz